00266nam a2200109Ia 4500008004100000041000800041082001400049100001000063245003100073260003300104300001900137241028s9999 xx 000 0 und d aeng a658.8 GEN aGenco aNeuromarketing For Dummies bWiley IndiaaNew Delhic2013 a392;. P. 23 cm